00868pam a2200241 a 4500001000500000005001700005020001500022040002300037050002500060082001400085100002400099245008600123260003400209300004000243490003100283500002900314505000800343520017600351521001500527650002600542650002600568700003200594143320260311093053.0 a059070639X aDLCcDLCdDLCbeng00aPZ7.O81167bVag 199800a[Fic]2211 aOsborne, Mary Pope.10aVacation under the volcano /cby Mary Pope Osborne ; illustrated by Sal Murdocca. aNew York :bScholasticc1998. a74 pages :billustrations ;c20 cm 1 aMagic tree house vBook 13 a"A Stepping Stone book." aG  aTheir magic tree house takes Annie and Jack to Pompeii just as Vesuvius is about to erupt, and they must find a Roman scroll before everything is covered with burning ash.0 a410 bG  1aTime travelxFiction. 1aTree housesxFiction.1 aMurdocca, Saleillustrator